• 首页
  • 本馆介绍
  • 公告通知
  • 最新文献
  • 馆藏检索
  • 电子资源
  • 读者导购
  • 参考咨询
  • 我的图书馆
  • 登录
  • 详细信息显示
  • 放入我的书架
  • 预约/预借图书
  • 作者相关作品
  • 分类相关作品
  • 丛书相关作品
  • 出版社相关作品

书目信息

  • 表格格式
  • 工作单格式
  • 卡片格式
书名: The changing English language
作者: Brian Foster.
分册号:
分册名:
出版地: London :
 
出版社: Macmillan
出版时间: 1968.
页数: 263 p. ;
开本: 23 cm.
丛书名:
中图分类号:
科图分类号:
其他分类号: H31
主题词:
电子资源:
000 00588nam 2200217Ii 45x0
001 E0737468217
005 20070302102640.68
008 020109s1968 enk b 000 0 eng d
020    @a0333080599.
040    @aGZE@cGZE@dUKM
082 04 @a420 @2 18
090    @aJ68/W19
090    @aH31
099    @dH31@ex117
100 1  @aFoster, Brian.
245 14 @aThe changing English language / @cBrian Foster.
260    @aLondon :@bMacmillan,@c1968.
300    @a263 p. ;@c23 cm.
504    @aBibliographical footnotes.
650  0 @aEnglish language@xHistory.
920    @a232010@z2
    
    The changing English language / / Brian Foster.-London : : Macmillan, , 1968.
    263 p. ; ; 23 cm.
    Bibliographical footnotes.
    
    ISBN 0333080599.
    
●
相关链接 在E读中查询图书 在五车中查询图书 在当当中查询图书 在豆瓣中查询图书


正题名:changing English language     索取号:H31/x117         预约/预借

序号 登录号 条形码 馆藏地/架位号 状态 备注
1 102827   001039361   第四借阅区/ [索取号:H31/x117] 在馆    
2 102828   202459918   第四借阅区/ [索取号:H31/x117] 在馆    
3 102830   001039370   第二样本阅览室/ [索取号:H31/x117] 在馆    
唐山师范学院图书馆 欢迎您!
大连网信软件有限公司© 版权所有